Khảo sát cấu tạo vùng cổ rễ của một cây song tử diệp ở Cần Thơ; thử áp dụng vào các thuyết giải thích sự biến chuyển từ cơ cấu rễ sang cơ cấu thân

Na minha lista:
Detalhes bibliográficos
Autor principal: Nguyễn Bá Hùng
Formato: Livro
Idioma:Undetermined
Publicado em: Cần Thơ Viện Đại Học Cần Thơ - Đại Học Khoa Học - Ban Vạn Vật Học 1974
Assuntos:
Tags: Adicionar Tag
Sem tags, seja o primeiro a adicionar uma tag!
Thư viện lưu trữ: Trung tâm Học liệu Trường Đại học Cần Thơ
LEADER 00779nam a2200181Ia 4500
001 CTU_33709
008 210402s9999 xx 000 0 und d
082 |a 583 
082 |b H513 
100 |a Nguyễn Bá Hùng 
245 0 |a Khảo sát cấu tạo vùng cổ rễ của một cây song tử diệp ở Cần Thơ; thử áp dụng vào các thuyết giải thích sự biến chuyển từ cơ cấu rễ sang cơ cấu thân 
245 0 |c Nguyễn Bá Hùng 
260 |a Cần Thơ 
260 |b Viện Đại Học Cần Thơ - Đại Học Khoa Học - Ban Vạn Vật Học 
260 |c 1974 
650 |a Dicotyledons 
904 |i Minh, 991105 
980 |a Trung tâm Học liệu Trường Đại học Cần Thơ